000 00713nam a2200289 a 4500
003 AR-BaBNM
005 20251128203221.0
008 082120s2002 ||||||||||||||000 | spa||
040 _cAR-BaBNM
100 1 _aObligado, Rafael
245 0 0 _aPoesías completas
250 _a1ª ed.
260 _aBuenos Aires
_bSopena Argentina
_c1951
300 _a126 p.
490 0 _aBiblioteca mundial Sopena
530 _aInternet
650 4 _aLITERATURA ARGENTINA
650 4 _aHISTORIA ARGENTINA
650 4 _aPOESIA
650 4 _aSIGLO DIECINUEVE
650 4 _aLEYENDAS
650 4 _aLITERATURA FOLKLORICA
653 _aLITERATURA GAUCHESCA
655 _aLITERATURA
942 _cBK
998 _cMARTIN
999 _c2436
_d2436